| 000 | 00732nam a2200217Ia 4500 | ||
|---|---|---|---|
| 003 | GCL | ||
| 008 | 140319s9999 xx 000 0 ara d | ||
| 040 |
_aGCL / _cGCL |
||
| 082 | 0 | 4 |
_aد _b050 _bث م |
| 100 | 1 | _aالمجلس الهندى للعلاقات الثقافي | |
| 245 | 1 | 0 |
_aثقافة الهند / _cالمجلس الهندى للعلاقات الثقافي |
| 260 |
_a[S.N] : _bالمجلس الهندى للعلاقات الثقافية |
||
| 300 | _a158 | ||
| 490 |
_aجزائز عالمية _v0 |
||
| 650 | 0 | 4 | _aالفلسفة الاسلامية |
| 650 | 0 | 4 | _aالفلسفة |
| 650 | 0 | 4 | _aاللغة العربية |
| 650 | 0 | 4 | _aالمنطق |
| 650 | 0 | 4 | _aالحضارة الاسلامية |
| 942 |
_2ddc _cCF |
||
| 999 |
_c27051 _d27051 |
||